| 000 | 00000nam##2200000za#4500 |
| 001 | 9.698536 |
| 003 | CaOODSP |
| 005 | 20210624235955 |
| 007 | cr ||||||||||| |
| 008 | 150407|1998||||xxc|||||o f|0| 0 eng|d |
| 040 | |aCaOODSP|beng |
| 043 | |an-cn--- |
| 086 | 1 |aSC93-7/1-1998E-PDF |
| 110 | 1 |aCanada.|bCanadian Centre for Management Development. |bCitizen-Centred Service Network. |
| 245 | 10|aCitizens first : |h[electronic resource]|bsummary report / |cprepared by Erin Research Inc. |
| 246 | 1 |iAt head of title : |aCitizen-centred service |
| 260 | |aOttawa - Ontario : |bCanadian Centre for Management Development. |cOctober 1998. |
| 300 | |a20p.|bfig., graphs, tables |
| 500 | |a"Citizen-centred service"--p.1 of 20. The catalogue number (SC93-7/1-1998) and ISBN (0-662-63863-8) for the bilingual print edition have been incorrectly copied in this electronic publication. |
| 590 | |a13-24-Supp|b2013-10-18 |
| 690 | 07|aCustomer services|2gcpds |
| 690 | 07|aFederal government|2gcpds |
| 690 | 07|aPublic opinion|2gcpds |
| 690 | 07|aPublic service|2gcpds |
| 775 | 08|tLes citoyens d'abord : |w(CaOODSP)9.642543 |
| 856 | 40|ahttp://publications.gc.ca|qPDF|s335 KB|uhttps://publications.gc.ca/collections/Collection/SC93-7-1-1998E.pdf |